[Event "BIH-chT1A 22nd"]
[Site "Tuzla"]
[Date "2015.10.17"]
[Round "2.3"]
[White "Trkulja, Goran"]
[Black "Avdic, Adnan"]
[Result "1/2-1/2"]
[WhiteElo "2320"]
[BlackElo "2268"]
[PlyCount "39"]
[EventDate "2015.10.16"]
[EventType "tourn"]
[EventRounds "9"]
[EventCountry "BIH"]
[SourceTitle "CBM 169 Extra"]
[Source "ChessBase"]
[SourceDate "2015.12.18"]
[SourceVersion "1"]
[SourceVersionDate "2015.12.18"]
[SourceQuality "1"]

1. Nf3 b5 2. e3 a6 3. d4 d5 4. c3 e6 5. Nbd2 Bb7 6. a4 b4 7. a5 bxc3 8. bxc3 Nd7 9. Qa4 Bd6 10. c4 c5 11. cxd5 Bxd5 12. Nc4 Bxc4 13. Bxc4 Ngf6 14. 0-0 0-0 15. Rd1 cxd4 16. Rxd4 Qc7 17. Ba3 Bxa3 18. Rxa3 Nc5 19. Qd1 e5 20. Rd2 1/2-1/2

[Event "Bihac-chT1"]
[Site "Bihac"]
[Date "2014.08.24"]
[Round "2"]
[White "Arnaut, Armin"]
[Black "Avdic, Adnan"]
[Result "1-0"]
[WhiteElo "2041"]
[BlackElo "2287"]
[PlyCount "133"]
[EventDate "2014.08.23"]
[EventType "swiss"]
[EventRounds "9"]
[EventCountry "BIH"]
[SourceTitle "EXT 2015"]
[Source "ChessBase"]
[SourceDate "2014.11.20"]
[SourceVersion "1"]
[SourceVersionDate "2014.11.20"]
[SourceQuality "1"]

1. d4 Nf6 2. c4 e6 3. Nf3 d5 4. cxd5 exd5 5. Bg5 Be7 6. Nc3 0-0 7. e3 c6 8. Qc2 Ne4 9. Bxe7 Qxe7 10. Bd3 f5 11. 0-0 Be6 12. Rae1 Nd7 13. Nd2 Qf6 14. b4 Rac8 15. Na4 b6 16. Nb3 Kh8 17. f3 Nd6 18. f4 Qe7 19. a3 Nc4 20. Qc1 Nf6 21. Nc3 Nd6 22. Rf2 Nc4 23. Rc2 Rfe8 24. Nd2 b5 25. Nf3 Ra8 26. Ne5 Rec8 27. Ra2 a5 28. Qb1 axb4 29. axb4 Rxa2 30. Nxa2 g6 31. Nc1 Bd7 32. h3 Ra8 33. Re2 Be8 34. g3 Ra4 35. Na2 Qa7 36. Kf2 Ra3 37. Nc1 Ra1 38. Qc2 Qa3 39. Nb3 Nxe3 40. Kxe3 Rh1 41. Qc5 Qxb3 42. Qf8+ Ng8 43. Qxe8 Qxb4 44. Nf7+ Kg7 45. Ng5 Qe7+ 46. Qxe7+ Nxe7 47. Kf3 Ng8 48. h4 Rf1+ 49. Kg2 Rd1 50. Ne6+ Kf6 51. Nc5 Kf7 52. Kf2 Nf6 53. Re1 Rd2+ 54. Ke3 Ra2 55. Re2 Ng4+ 56. Kf3 Ra3 57. Rd2 Ra1 58. Nd7 Ra5 59. Ne5+ Nxe5+ 60. dxe5 d4 61. Rc2 Ra6 62. g4 fxg4+ 63. Kxg4 Ke6 64. Be4 b4 65. Rxc6+ Rxc6 66. Bxc6 b3 67. Ba4 1-0

[Event "Sarajevo Bosna op-B 43rd"]
[Site "Sarajevo"]
[Date "2013.06.07"]
[Round "8"]
[White "Avdic, Amna"]
[Black "Avdic, Adnan"]
[Result "0-1"]
[WhiteElo "1641"]
[BlackElo "2268"]
[PlyCount "34"]
[EventDate "2013.06.01"]
[EventType "swiss"]
[EventRounds "9"]
[EventCountry "BIH"]
[SourceTitle "CBM 154 Extra"]
[Source "ChessBase"]
[SourceDate "2013.06.25"]
[SourceVersion "2"]
[SourceVersionDate "2013.06.25"]
[SourceQuality "1"]

1. d4 d5 2. c4 e6 3. Nc3 Nf6 4. Nf3 Nbd7 5. e3 c6 6. Bd3 Bd6 7. 0-0 0-0 8. Re1 b6 9. h3 Bb7 10. Ne5 Bxe5 11. dxe5 Nxe5 12. cxd5 cxd5 13. b3 Rc8 14. Bb2 d4 15. exd4 Qxd4 16. Nb5 Qxd3 17. Bxe5 Qxb5 0-1

[Event "Zupanja op-B 2nd"]
[Site "Zupanja"]
[Date "2008.01.07"]
[Round "7"]
[White "Avdic, Adnan"]
[Black "Purgar, Ivona"]
[Result "1/2-1/2"]
[WhiteElo "2293"]
[BlackElo "2049"]
[PlyCount "115"]
[EventDate "2008.01.03"]
[EventType "swiss"]
[EventRounds "9"]
[EventCountry "CRO"]
[SourceTitle "CBM 122 Extra"]
[Source "ChessBase"]
[SourceDate "2008.03.04"]
[SourceVersion "1"]
[SourceVersionDate "2008.03.04"]
[SourceQuality "1"]

1. b3 d5 2. Bb2 Nf6 3. f4 g6 4. Nf3 Bg7 5. e3 0-0 6. Be2 c5 7. 0-0 Nc6 8. Ne5 Qc7 9. Nxc6 Qxc6 10. Bf3 Be6 11. d3 Rad8 12. Nd2 Qc8 13. h3 b5 14. a4 a6 15. axb5 axb5 16. Qe2 c4 17. Bd4 Rd7 18. b4 Ne8 19. Bxg7 Nxg7 20. Ra5 Qb8 21. Rfa1 Nf5 22. Bg4 h5 23. Bxf5 Bxf5 24. Nf3 Rc7 25. e4 cxd3 26. cxd3 dxe4 27. dxe4 Bd7 28. Qe3 Rfc8 29. f5 Kg7 30. fxg6 fxg6 31. Qg5 Qb6+ 32. Kh2 Qf6 33. Qg3 Rc4 34. Ra7 Rxe4 35. Rf1 Bf5 36. Qg5 Qxg5 37. Nxg5 Rxb4 38. Re1 Re8 39. Ne6+ Bxe6 40. Rxe6 Kf7 41. Raa6 Rg8 42. Re2 Rf4 43. Kg3 Rf6 44. Ra7 Re8 45. Rb7 Rf5 46. Rb2 Kf6 47. R2xb5 Rxb5 48. Rxb5 e5 49. Kf3 Kf5 50. Rb7 g5 51. g4+ hxg4+ 52. hxg4+ Kf6 53. Ke4 Re6 54. Rh7 Kg6 55. Rh1 Re8 56. Rf1 Ra8 57. Kxe5 Ra5+ 58. Ke6 1/2-1/2

[Event "Zupanja op-B 2nd"]
[Site "Zupanja"]
[Date "2008.01.06"]
[Round "6"]
[White "Avdic, Adnan"]
[Black "Sulc, Gordana"]
[Result "1-0"]
[WhiteElo "2293"]
[BlackElo "2040"]
[PlyCount "93"]
[EventDate "2008.01.03"]
[EventType "swiss"]
[EventRounds "9"]
[EventCountry "CRO"]
[SourceTitle "CBM 122 Extra"]
[Source "ChessBase"]
[SourceDate "2008.03.04"]
[SourceVersion "1"]
[SourceVersionDate "2008.03.04"]
[SourceQuality "1"]

1. e4 c5 2. Nf3 d6 3. d4 cxd4 4. Nxd4 Nf6 5. Nc3 a6 6. g3 g6 7. Bg2 Bg7 8. 0-0 Nbd7 9. a4 h6 10. f4 Qb6 11. a5 Qc5 12. Be3 Qc7 13. h3 e5 14. Nb3 b5 15. axb6 Nxb6 16. fxe5 dxe5 17. Bc5 Nbd7 18. Ba3 Qa7+ 19. Kh1 h5 20. Qf3 Bb7 21. Rad1 Rc8 22. Rxd7 Kxd7 23. Qd3+ Ke8 24. Qd6 Ng8 25. h4 Ba8 26. Rd1 Nh6 27. Bc5 Qc7 28. Qxa6 Bb7 29. Qa3 Bf8 30. Bxf8 Rxf8 31. Nb5 Qxc2 32. Rd2 Qb1+ 33. Kh2 Ng4+ 34. Kh3 Rc2 35. Nd6+ Kd7 36. Nc5+ Ke7 37. Nd3 Kf6 38. Rxc2 Qxc2 39. Nc5 Bc8 40. Nxc8 Kg7 41. Nb6 Qf2 42. Ncd7 Qg1 43. Qxf8+ Kh7 44. Qxf7+ Kh8 45. Qe8+ Kg7 46. Qf8+ Kh7 47. Nf6+ 1-0

[Event "Zupanja op-B 2nd"]
[Site "Zupanja"]
[Date "2008.01.06"]
[Round "5"]
[White "Saric, Kristina"]
[Black "Avdic, Adnan"]
[Result "1-0"]
[WhiteElo "2171"]
[BlackElo "2293"]
[PlyCount "39"]
[EventDate "2008.01.03"]
[EventType "swiss"]
[EventRounds "9"]
[EventCountry "CRO"]
[SourceTitle "CBM 122 Extra"]
[Source "ChessBase"]
[SourceDate "2008.03.04"]
[SourceVersion "1"]
[SourceVersionDate "2008.03.04"]
[SourceQuality "1"]

1. e4 e5 2. Nf3 d6 3. d4 exd4 4. Nxd4 Nf6 5. Nc3 Be7 6. Be2 0-0 7. Be3 Re8 8. Qd2 Bf8 9. 0-0-0 c6 10. f3 d5 11. Bg5 dxe4 12. Nxe4 Nxe4 13. fxe4 f6 14. Bf4 Rxe4 15. Bc4+ Kh8 16. Bxb8 Bc5 17. Nf5 Qf8 18. Bd6 Bxf5 19. Bxf8 Be3 20. Qxe3 1-0

[Event "Tuzla 13th"]
[Site "Tuzla"]
[Date "2006.12.26"]
[Round "6"]
[White "Rosic, Slavko S"]
[Black "Avdic, Adnan"]
[Result "0-1"]
[WhiteElo "2307"]
[BlackElo "2288"]
[PlyCount "54"]
[EventDate "2006.12.23"]
[EventType "tourn"]
[EventRounds "9"]
[EventCountry "BIH"]
[EventCategory "4"]
[SourceTitle "CBM 116 Extra"]
[Source "ChessBase"]
[SourceDate "2007.03.07"]
[SourceVersion "1"]
[SourceVersionDate "2007.03.07"]
[SourceQuality "1"]

1. d4 d5 2. c4 c6 3. Nc3 e5 4. dxe5 d4 5. Ne4 Qa5+ 6. Bd2 Qxe5 7. Ng3 Nf6 8. Nf3 Qd6 9. Qc2 Be7 10. Nf5 Bxf5 11. Qxf5 0-0 12. b4 c5 13. Rb1 Nc6 14. b5 Nb4 15. Bxb4 cxb4 16. g3 a6 17. Bg2 axb5 18. Qxb5 d3 19. Rb2 Ne4 20. 0-0 dxe2 21. Re1 Nc3 22. Qxb7 Rfb8 23. c5 Qxc5 24. Qd7 Rd8 25. Qg4 Rd1 26. h4 Rad8 27. Qf4 Rxe1+ 0-1

[Event "Tuzla 13th"]
[Site "Tuzla"]
[Date "2006.12.23"]
[Round "1"]
[White "Iveljic, Igor"]
[Black "Avdic, Adnan"]
[Result "1-0"]
[WhiteElo "2280"]
[BlackElo "2288"]
[PlyCount "89"]
[EventDate "2006.12.23"]
[EventType "tourn"]
[EventRounds "9"]
[EventCountry "BIH"]
[EventCategory "4"]
[SourceTitle "CBM 116 Extra"]
[Source "ChessBase"]
[SourceDate "2007.03.07"]
[SourceVersion "1"]
[SourceVersionDate "2007.03.07"]
[SourceQuality "1"]

1. c4 Nf6 2. Nf3 c6 3. d4 d5 4. e3 e6 5. Nc3 Nbd7 6. Bd3 dxc4 7. Bxc4 b5 8. Bd3 Bb7 9. 0-0 a6 10. Qe2 c5 11. Bc2 Rc8 12. a3 b4 13. axb4 cxb4 14. Na4 Be7 15. Bd3 a5 16. e4 0-0 17. Bg5 Nh5 18. Bd2 g6 19. Rfc1 Rxc1+ 20. Rxc1 Qb8 21. Qe3 Rd8 22. b3 Ndf6 23. h3 Bd6 24. Qe2 Nf4 25. Bxf4 Bxf4 26. Rc2 Nd7 27. Nc5 Nxc5 28. Rxc5 Bc7 29. Rc1 Bb6 30. Qe3 Qd6 31. Qh6 Bxd4 32. Ng5 Bg7 33. Qxh7+ Kf8 34. Be2 Qf4 35. Rc5 a4 36. bxa4 b3 37. g3 Qf6 38. Qh4 Qa1+ 39. Kh2 Qd4 40. Qf4 Rd7 41. Nxe6+ Ke7 42. Nxd4 Bxd4 43. Rc7 b2 44. Rxd7+ Kxd7 45. Bb5+ 1-0

[Event "DDS League and op 12th"]
[Site "Tuzla"]
[Date "2006.09.16"]
[Round "3"]
[White "Avdic, Adnan"]
[Black "Runic, Zoran"]
[Result "1-0"]
[WhiteElo "2288"]
[BlackElo "2427"]
[PlyCount "93"]
[EventDate "2006.09.15"]
[EventType "team"]
[EventRounds "9"]
[EventCountry "BIH"]
[SourceTitle "CBM 114 Extra"]
[Source "ChessBase"]
[SourceDate "2006.11.03"]
[SourceVersion "1"]
[SourceVersionDate "2006.11.03"]
[SourceQuality "1"]

1. e4 e5 2. Nf3 d6 3. d4 Nd7 4. Nc3 Ngf6 5. h3 Be7 6. g4 0-0 7. Bg2 c6 8. a4 a5 9. 0-0 Ne8 10. Ne2 Nc7 11. Ne1 Re8 12. f4 exd4 13. Nxd4 Bf8 14. Nd3 Na6 15. Re1 Ndc5 16. Nf2 Qb6 17. b3 Bd7 18. f5 Rad8 19. g5 Bc8 20. Be3 Qc7 21. Qh5 Nd7 22. Ng4 Ne5 23. Bf2 Nc5 24. Rad1 Ncd7 25. Re3 g6 26. Nh6+ Bxh6 27. Qxh6 Kh8 28. Be1 Qb6 29. Bc3 Rg8 30. Kh1 f6 31. gxf6 Nxf6 32. Rg3 Qc7 33. fxg6 Qe7 34. Nf5 Bxf5 35. exf5 Rg7 36. Re3 Kg8 37. Rg1 hxg6 38. fxg6 Qe6 39. Rf1 Nfd7 40. Be4 Nf6 41. Bf5 Qd5+ 42. Kh2 Rf8 43. Bxe5 dxe5 44. Bd3 Qd6 45. Rxf6 Rxf6 46. Bc4+ Re6 47. Rd3 1-0

[Event "BIH CFFBH-chT1A"]
[Site "Neum"]
[Date "2006.08.30"]
[Round "6"]
[White "Karup, Edin"]
[Black "Avdic, Adnan"]
[Result "1/2-1/2"]
[WhiteElo "2215"]
[BlackElo "2288"]
[PlyCount "74"]
[EventDate "2006.08.26"]
[EventType "team-tourn"]
[EventRounds "9"]
[EventCountry "BIH"]
[SourceTitle "EXT 2023"]
[Source "ChessBase"]
[SourceDate "2022.10.05"]
[SourceVersion "1"]
[SourceVersionDate "2022.10.05"]
[SourceQuality "1"]

1. e4 e5 2. Nf3 Nf6 3. Nxe5 d6 4. Nf3 Nxe4 5. d4 d5 6. Bd3 Be7 7. 0-0 Nc6 8. c4 Nb4 9. Be2 Bf5 10. a3 Nc6 11. Nc3 Nxc3 12. bxc3 0-0 13. cxd5 Qxd5 14. Bf4 Rac8 15. Qa4 Rfe8 16. Bc4 Qe4 17. Bd2 Qg4 18. Rfe1 Be4 19. Re3 Bf6 20. Rae1 Re7 21. Bf1 Rce8 22. Ne5 Bxe5 23. dxe5 Qd7 24. Bc1 Bf5 25. Bb5 a6 26. Bxc6 Qxc6 27. Qxc6 bxc6 28. h3 Rd7 29. g4 Bc2 30. f4 Bb3 31. f5 h6 32. Kf2 c5 33. Kg3 c4 34. h4 Bc2 35. Kf4 Rd5 36. h5 Rd3 37. R1e2 Ba4 1/2-1/2

[Event "BIH CFFBH-chT1A"]
[Site "Neum"]
[Date "2006.08.28"]
[Round "4"]
[White "Kosic, Dragan"]
[Black "Avdic, Adnan"]
[Result "1-0"]
[WhiteElo "2506"]
[BlackElo "2288"]
[PlyCount "68"]
[EventDate "2006.08.26"]
[EventType "team-tourn"]
[EventRounds "9"]
[EventCountry "BIH"]
[SourceTitle "EXT 2023"]
[Source "ChessBase"]
[SourceDate "2022.10.05"]
[SourceVersion "1"]
[SourceVersionDate "2022.10.05"]
[SourceQuality "1"]

1. d4 d5 2. Nf3 c6 3. Bf4 Nf6 4. e3 a6 5. c4 Bf5 6. Nc3 e6 7. Qb3 Ra7 8. Rc1 Nbd7 9. cxd5 exd5 10. Be2 Be7 11. h3 0-0 12. 0-0 Qb6 13. Nd2 Raa8 14. g4 Be6 15. Qxb6 Nxb6 16. Nb3 a5 17. Nc5 Bc8 18. N3a4 Nxa4 19. Nxa4 Bd8 20. Kg2 Ne8 21. Rc3 Bc7 22. Bxc7 Nxc7 23. Nb6 Ra7 24. Ra3 Be6 25. b4 Na8 26. Nxa8 Rfxa8 27. b5 cxb5 28. Bxb5 Rc8 29. Rb1 Kf8 30. Bd3 Ke7 31. Rb5 Rca8 32. Rab3 Rb8 33. Rb6 g6 34. Kg3 Rc8 1-0

[Event "BIH CFFBH-chT1A"]
[Site "Neum"]
[Date "2006.08.27"]
[Round "2"]
[White "Djukic, Nikola"]
[Black "Avdic, Adnan"]
[Result "1-0"]
[WhiteElo "2507"]
[BlackElo "2288"]
[PlyCount "109"]
[EventDate "2006.08.26"]
[EventType "team-tourn"]
[EventRounds "9"]
[EventCountry "BIH"]
[SourceTitle "EXT 2023"]
[Source "ChessBase"]
[SourceDate "2022.10.05"]
[SourceVersion "1"]
[SourceVersionDate "2022.10.05"]
[SourceQuality "1"]

1. e4 c5 2. Nf3 d6 3. d4 cxd4 4. Nxd4 Nf6 5. Nc3 a6 6. Be3 e5 7. Nb3 Be6 8. f3 Nbd7 9. g4 Nb6 10. g5 Nh5 11. Qd2 Be7 12. 0-0-0 0-0 13. Rg1 g6 14. Kb1 Rc8 15. h4 Qc7 16. Bd3 Nc4 17. Bxc4 Qxc4 18. Na5 Qc7 19. Na4 f6 20. Nb6 Rb8 21. Rgf1 fxg5 22. hxg5 Nf4 23. b3 Bxg5 24. Qxd6 Qxd6 25. Rxd6 Be7 26. Rd7 Bb4 27. Nac4 Bxd7 28. Nxd7 Bc3 29. Bc5 Rfd8 30. Nxb8 Rxb8 31. Rd1 b5 32. Nb6 Rb7 33. Rd8+ Kf7 34. Nc8 Rc7 35. Bd6 Rb7 36. Bf8 Rc7 37. Bh6 Ne6 38. Rh8 g5 39. Rxh7+ Kg6 40. Rxc7 Nxc7 41. Bf8 Ne6 42. Bd6 Kf6 43. Nb6 Nd4 44. Nd5+ Ke6 45. Bc5 Ne2 46. Be3 Ba5 47. Bxg5 Ng1 48. f4 Nf3 49. f5+ Kf7 50. Be3 Bd2 51. Bc5 Bh6 52. Bb4 Bd2 53. Bd6 Ke8 54. c3 Kd7 55. Ba3 1-0

[Event "Tuzla"]
[Site "Tuzla"]
[Date "2005.11.29"]
[Round "6"]
[White "Avdic, Adnan"]
[Black "Nurkic, Sahbaz"]
[Result "0-1"]
[WhiteElo "2280"]
[BlackElo "2426"]
[PlyCount "72"]
[EventDate "2005.11.26"]
[EventType "tourn"]
[EventRounds "9"]
[EventCountry "BIH"]
[EventCategory "3"]
[SourceTitle "CBM 109 Extra"]
[Source "ChessBase"]
[SourceDate "2006.01.03"]
[SourceVersion "2"]
[SourceVersionDate "2006.01.03"]
[SourceQuality "1"]

1. e4 g6 2. d4 Bg7 3. Nc3 c6 4. Be3 Nf6 5. Qd2 d5 6. e5 Ng4 7. Bf4 f6 8. exf6 Nxf6 9. f3 0-0 10. 0-0-0 Nh5 11. Bh6 Bxh6 12. Qxh6 e5 13. dxe5 Nd7 14. Re1 Qc7 15. Qe3 Rf5 16. f4 Nxf4 17. Nf3 Ne6 18. Bd3 Rf8 19. h4 Qd8 20. Qh6 Ndc5 21. Bxg6 hxg6 22. h5 Qe7 23. hxg6 Qg7 24. Qe3 Rf4 25. Ne2 Re4 26. Qd2 Nf8 27. Ref1 Bg4 28. Ng3 Nxg6 29. Nxe4 Nxe4 30. Qd4 Rf8 31. Rfg1 Nf4 32. Qxa7 Ne2+ 33. Kb1 Nxg1 34. Rxg1 c5 35. Nh2 Be6 36. Nf3 Rxf3 0-1

[Event "Tuzla"]
[Site "Tuzla"]
[Date "2005.11.28"]
[Round "4"]
[White "Rosic, Slavko S"]
[Black "Avdic, Adnan"]
[Result "1-0"]
[WhiteElo "2291"]
[BlackElo "2280"]
[PlyCount "91"]
[EventDate "2005.11.26"]
[EventType "tourn"]
[EventRounds "9"]
[EventCountry "BIH"]
[EventCategory "3"]
[SourceTitle "CBM 109 Extra"]
[Source "ChessBase"]
[SourceDate "2006.01.03"]
[SourceVersion "2"]
[SourceVersionDate "2006.01.03"]
[SourceQuality "1"]

1. d4 f5 2. c4 Nf6 3. Nc3 e6 4. Nf3 c6 5. g3 d5 6. b3 Bd6 7. Bb2 b6 8. cxd5 cxd5 9. Bg2 0-0 10. 0-0 Nc6 11. Nb5 Ba6 12. Nxd6 Qxd6 13. Re1 Ne4 14. Ne5 Rac8 15. f3 Nf6 16. Qd2 Qe7 17. Rac1 Nxe5 18. dxe5 Nd7 19. e4 fxe4 20. fxe4 dxe4 21. Rxc8 Rxc8 22. Rxe4 Qc5+ 23. Rd4 Nf8 24. b4 Qc2 25. Be4 Qc7 26. a4 Bb7 27. Bxb7 Qxb7 28. b5 Qc7 29. Kg2 h6 30. h4 Qc2 31. Ba3 Qb3 32. Qb4 Rc2+ 33. Kh3 Qxb4 34. Bxb4 Ng6 35. Rd8+ Kh7 36. Bd6 Re2 37. Re8 h5 38. Rxe6 Ra2 39. Re8 Rxa4 40. Ra8 Rd4 41. Rxa7 Rd5 42. Rb7 Rxb5 43. e6 Rb2 44. Bf8 Rf2 45. Rxg7+ Kh6 46. Rf7+ 1-0

[Event "Djakovo op-A"]
[Site "Djakovo"]
[Date "2005.05.05"]
[Round "7"]
[White "Avdic, Adnan"]
[Black "Majeric, Zoran"]
[Result "1/2-1/2"]
[WhiteElo "2304"]
[BlackElo "2381"]
[PlyCount "56"]
[EventDate "2005.05.01"]
[EventType "swiss"]
[EventRounds "9"]
[EventCountry "CRO"]
[SourceTitle "CBM 106 Extra"]
[Source "ChessBase"]
[SourceDate "2005.07.01"]
[SourceVersion "1"]
[SourceVersionDate "2005.07.01"]
[SourceQuality "1"]

1. e4 c5 2. c3 e6 3. d4 d5 4. e5 Nc6 5. Nf3 cxd4 6. cxd4 Bb4+ 7. Nc3 Nge7 8. Bd3 Nf5 9. Be3 Nxe3 10. fxe3 Bd7 11. 0-0 0-0 12. Ne2 f6 13. exf6 Qxf6 14. Nf4 Bd6 15. h4 Bxf4 16. exf4 g6 17. h5 Qxf4 18. hxg6 hxg6 19. Bxg6 Rf6 20. Bc2 Qe3+ 21. Rf2 Raf8 22. Qd2 Qxd2 23. Rxd2 Be8 24. Ba4 Na5 25. Bxe8 Rxe8 26. Rc1 Nc4 27. Re2 Re7 28. Rce1 Rg6 1/2-1/2

[Event "Djakovo op-A"]
[Site "Djakovo"]
[Date "2005.05.04"]
[Round "6"]
[White "Dumpor, Atif"]
[Black "Avdic, Adnan"]
[Result "1-0"]
[WhiteElo "2324"]
[BlackElo "2304"]
[PlyCount "55"]
[EventDate "2005.05.01"]
[EventType "swiss"]
[EventRounds "9"]
[EventCountry "CRO"]
[SourceTitle "CBM 106 Extra"]
[Source "ChessBase"]
[SourceDate "2005.07.01"]
[SourceVersion "1"]
[SourceVersionDate "2005.07.01"]
[SourceQuality "1"]

1. c4 c6 2. Nf3 d5 3. e3 Nf6 4. b3 Bg4 5. h3 Bh5 6. Bb2 Nbd7 7. Be2 e6 8. 0-0 Bd6 9. d4 0-0 10. Nbd2 Re8 11. Ne5 Bxe2 12. Qxe2 Rc8 13. c5 Bb8 14. f4 Nf8 15. b4 N6d7 16. Qh5 Qe7 17. a4 f6 18. Nd3 e5 19. dxe5 fxe5 20. Rae1 e4 21. Nf2 Nf6 22. Qh4 a5 23. bxa5 N8d7 24. Nb3 Ba7 25. Rc1 Nxc5 26. Ba3 Nfd7 27. Qxe7 Rxe7 28. Nxc5 1-0